| 000 | 00443nam a2200157Ia 4500 | ||
|---|---|---|---|
| 008 | 151213s9999 xx 000 0 und d | ||
| 100 | _aLotus Development Corporation | ||
| 245 |
_aLotus 1-2-3 Release 2.2 _cLotus Development Corporation |
||
| 250 | _a1st | ||
| 260 |
_aU S A _bLotus Development Corporation _c1989 |
||
| 300 | _a2949 p. | ||
| 650 | _aComputer | ||
| 650 | _aComputer | ||
| 700 | _aLotus Development Corporation | ||
| 999 |
_c2036 _d2036 |
||